
Library Catalogue

| 000 -LEADER | |
|---|---|
| fixed length control field | 00943nam a22002537a 4500 |
| 005 - DATE AND TIME OF LATEST TRANSACTION | |
| control field | 20250922132854.0 |
| 008 - FIXED-LENGTH DATA ELEMENTS--GENERAL INFORMATION | |
| fixed length control field | 250911b |||||||| |||| 00| 0 eng d |
| 020 ## - INTERNATIONAL STANDARD BOOK NUMBER | |
| International Standard Book Number | 9781447365938 |
| 082 ## - DEWEY DECIMAL CLASSIFICATION NUMBER | |
| Classification number | 320.6 BUU |
| 100 ## - MAIN ENTRY--PERSONAL NAME | |
| Personal name | Buuren, Arwin van |
| 245 ## - TITLE STATEMENT | |
| Title | Policy-Making as Designing: |
| Remainder of title | The Added value of Design Thinking for Public Administration and Public Policy / |
| Statement of responsibility, etc. | edited by Arwin van Buuren, Jenny M. Lewis and B. Guy Peters |
| 260 ## - PUBLICATION, DISTRIBUTION, ETC. | |
| Place of publication, distribution, etc. | Bristol |
| Name of publisher, distributor, etc. | Bristol University Press |
| Date of publication, distribution, etc. | 2023 |
| 300 ## - PHYSICAL DESCRIPTION | |
| Extent | viii, 235p.; |
| Dimensions | 20cm. |
| 365 ## - TRADE PRICE | |
| Price amount | Rs. 10230.00 |
| 440 ## - SERIES STATEMENT/ADDED ENTRY--TITLE | |
| Title | New Perspectives in policy and Politics |
| 521 ## - TARGET AUDIENCE NOTE | |
| Target audience note | New Perspectives in Policy and Politics is edited by Sarah Ayres, Steve Martin and Felicity Mathews |
| 650 ## - SUBJECT ADDED ENTRY--TOPICAL TERM | |
| Topical term or geographic name entry element | Policy sciences |
| 650 ## - SUBJECT ADDED ENTRY--TOPICAL TERM | |
| Topical term or geographic name entry element | Public administration |
| 650 ## - SUBJECT ADDED ENTRY--TOPICAL TERM | |
| Topical term or geographic name entry element | Design thinking |
| 650 ## - SUBJECT ADDED ENTRY--TOPICAL TERM | |
| Topical term or geographic name entry element | Communication in organizations |
| 700 ## - ADDED ENTRY--PERSONAL NAME | |
| Personal name | Lewis, J. M. |
| 700 ## - ADDED ENTRY--PERSONAL NAME | |
| Personal name | Peters, B. G. |
| 942 ## - ADDED ENTRY ELEMENTS (KOHA) | |
| Source of classification or shelving scheme | Dewey Decimal Classification |
| Koha item type | BOOKs |
| Withdrawn status | Lost status | Source of classification or shelving scheme | Damaged status | Not for loan | Home library | Current library | Shelving location | Date acquired | Source of acquisition | Cost, normal purchase price | Total Checkouts | Full call number | Barcode | Date last seen | Price effective from | Koha item type | Public note |
|---|---|---|---|---|---|---|---|---|---|---|---|---|---|---|---|---|---|
| Dewey Decimal Classification | Not For Loan | . | . | General Stacks | 11.09.2025 | Purchased - Feel Books | 10230.00 | 320.6 BUU | 40376 | 11.09.2025 | 11.09.2025 | BOOKs | Recommended by Mr. Sidharth Chauhan |